Pays d'Amérique - Statistiques

Statistiques générales
  • Ce quiz a été pris 19 245 fois
  • Le résultat moyen est 24 sur 35
Statistiques - réponses
Réponse % Correct
Canada
97%
Etats-Unis
94%
Brésil
92%
Argentine
91%
Mexique
90%
Chili
89%
Colombie
85%
Uruguay
85%
Pérou
84%
Cuba
83%
Paraguay
83%
Venezuela
81%
Bolivie
80%
Équateur
77%
Costa Rica
74%
Panama
74%
Guyana
72%
Haïti
71%
Honduras
69%
Jamaïque
68%
Guatemala
66%
Nicaragua
65%
République dominicaine
64%
Suriname
64%
Belize
62%
Salvador
61%
Bahamas
57%
Dominique
49%
Barbade
48%
Sainte-Lucie
46%
Antigua-et-Barbuda
45%
Saint-Vincent-et-les-Grenadines
44%
Grenade
41%
Saint-Christophe-et-Niévès
40%
Trinité-et-Tobago
39%
Aucun quiz correspondant
Distribution des résultats
% des personnes avec chaque résultat
Percentile par nombre de réponses
Votre historique - résultats
Vous n’avez pas pris ce quiz